| 000 | 00779nam a22002297a 4500 | ||
|---|---|---|---|
| 003 | BUBTL | ||
| 008 | 240325b ||||| |||| 00| 0 eng d | ||
| 020 | _a9788120333833 | ||
| 041 | _aeng | ||
| 082 | _a658.50954/ M2891p/ 2022 | ||
| 100 |
_95778 _aMajumdar, Ramanuj |
||
| 245 |
_aProduct Management in India / _cRamanuj Majumdar |
||
| 250 | _a3rd ed. | ||
| 260 |
_aDelhi: _bPHI Learning Private Limited, _cc2022 |
||
| 300 |
_axxii, 430 p. : _c24 cm. |
||
| 500 | _aIncludes index | ||
| 505 | _aProduct Management in India, The Macro Perspective, The Indian Market, Assessing New Competition and Strategic Response, Branding, Market Segmentation | ||
| 650 | 0 |
_939 _aManagement |
|
| 856 |
_k0 _l0 _yDownload |
||
| 942 |
_2ddc _cBK |
||
| 999 |
_c7285 _d7285 |
||